<?xml version="1.0" encoding="UTF-8"?>
<record
    xmlns:xsi="http://www.w3.org/2001/XMLSchema-instance"
    xsi:schemaLocation="http://www.loc.gov/MARC21/slim http://www.loc.gov/standards/marcxml/schema/MARC21slim.xsd"
    xmlns="http://www.loc.gov/MARC21/slim">

  <leader>00728ntm a2200169 i 4500</leader>
  <controlfield tag="001">189421</controlfield>
  <controlfield tag="003">ES-MaACL</controlfield>
  <controlfield tag="005">20240516141959.0</controlfield>
  <controlfield tag="008">190531s1747    sp           |||| | spa d</controlfield>
  <datafield tag="245" ind1="0" ind2="0">
    <subfield code="a">Al marqu&#xE9;s de Pozoblanco, en Sevilla a 10 de enero de 1747 [</subfield>
    <subfield code="h">Manuscrito].</subfield>
  </datafield>
  <datafield tag="260" ind1=" " ind2=" ">
    <subfield code="c">1747.</subfield>
  </datafield>
  <datafield tag="300" ind1=" " ind2=" ">
    <subfield code="a">[3] p. ; </subfield>
    <subfield code="c">23 cm.</subfield>
  </datafield>
  <datafield tag="600" ind1="1" ind2="7">
    <subfield code="a">Pozoblanco, Francisco Manuel de Velasco y Estrada, </subfield>
    <subfield code="c">Marqu&#xE9;s de</subfield>
    <subfield code="2"></subfield>
    <subfield code="9">167182</subfield>
  </datafield>
  <datafield tag="651" ind1=" " ind2=" ">
    <subfield code="a">Guadalquivir (Espa&#xF1;a, R&#xED;o)-</subfield>
    <subfield code="z">Navegaci&#xF3;n.</subfield>
    <subfield code="9">167183</subfield>
  </datafield>
  <datafield tag="852" ind1=" " ind2=" ">
    <subfield code="a">ES-MaACL</subfield>
    <subfield code="j">B-8924(17) </subfield>
    <subfield code="z">.- Legado de Federico de Botella y de Hornos</subfield>
    <subfield code="z">.- Encuadernado en un vol. facticio agrupado con el nombre en el lomo: Espa&#xF1;a, geolog&#xED;a, memorias y documentos varios 1 a 8</subfield>
  </datafield>
  <datafield tag="999" ind1=" " ind2=" ">
    <subfield code="c">189421</subfield>
    <subfield code="d">189421</subfield>
  </datafield>
  <datafield tag="952" ind1=" " ind2=" ">
    <subfield code="0">0</subfield>
    <subfield code="1">0</subfield>
    <subfield code="4">0</subfield>
    <subfield code="7">0</subfield>
    <subfield code="8">Manuscritos</subfield>
    <subfield code="a">ATENEOM</subfield>
    <subfield code="b">ATENEOM</subfield>
    <subfield code="c">SPB</subfield>
    <subfield code="d">2019-05-31</subfield>
    <subfield code="e">DON</subfield>
    <subfield code="l">0</subfield>
    <subfield code="o">B-8924(17)</subfield>
    <subfield code="p">1200695</subfield>
    <subfield code="r">2023-02-23 00:00:00</subfield>
    <subfield code="w">2023-02-23</subfield>
    <subfield code="y">MANUSCRITO</subfield>
  </datafield>
</record>
